[Event "Fuerstenfeld U18 op 5th"]
[Site "Fuerstenfeld"]
[Date "2022.07.23"]
[Round "5"]
[White "Vukoja, Luna"]
[Black "Pirveli, Luca"]
[Result "0-1"]
[WhiteElo "1146"]
[BlackElo "1866"]
[PlyCount "62"]
[EventDate "2022.07.21"]
[EventType "swiss"]
[EventRounds "7"]
[EventCountry "AUT"]
[SourceTitle "CBM 209 Extra"]
[Source "ChessBase"]
[SourceDate "2022.09.30"]
[SourceVersion "1"]
[SourceVersionDate "2022.09.30"]
[SourceQuality "1"]

1. d4 d5 2. c4 e6 3. Nc3 Nf6 4. Bg5 Be7 5. e3 0-0 6. Nf3 h6 7. h4 Ne4 8. Bxe7 Qxe7 9. g4 Nc6 10. Bd3 Nxc3 11. bxc3 e5 12. g5 e4 13. gxh6 Bg4 14. Rg1 Bxf3 15. Rxg7+ Kh8 16. Qxf3 Qxh4 17. Kd2 Qxh6 18. Qf5 Qxg7 19. cxd5 Ne7 20. Qxe4 Ng6 21. Rh1+ Kg8 22. Rg1 Rfe8 23. Qg4 Kf8 24. Qd7 Qf6 25. Rf1 Qd6 26. Qf5 Qa3 27. e4 Qb2+ 28. Bc2 Rad8 29. Rg1 Rd6 30. e5 Nxe5 31. dxe5 Rxd5+ 0-1

[Event "Fuerstenfeld U18 op 5th"]
[Site "Fuerstenfeld"]
[Date "2022.07.22"]
[Round "3"]
[White "Vukoja, Luna"]
[Black "Schaudienst, Arvid"]
[Result "1-0"]
[WhiteElo "1146"]
[BlackElo "1431"]
[PlyCount "47"]
[EventDate "2022.07.21"]
[EventType "swiss"]
[EventRounds "7"]
[EventCountry "AUT"]
[SourceTitle "CBM 209 Extra"]
[Source "ChessBase"]
[SourceDate "2022.09.30"]
[SourceVersion "1"]
[SourceVersionDate "2022.09.30"]
[SourceQuality "1"]

1. d4 Nf6 2. c4 g6 3. Nc3 Bg7 4. Bg5 0-0 5. e3 d6 6. Nf3 c5 7. Be2 Nbd7 8. 0-0 a6 9. Qc2 Qa5 10. a3 Rb8 11. b4 Qd8 12. Ne4 cxd4 13. exd4 Nxe4 14. Qxe4 Nf6 15. Qh4 b5 16. c5 Bb7 17. Rac1 Bc6 18. cxd6 Qxd6 19. Bf4 Qd5 20. Bxb8 Rxb8 21. Qf4 Rd8 22. Qe5 Qd7 23. Qc5 Bxf3 24. Bxf3 1-0

[Event "Fuerstenfeld U18 op 5th"]
[Site "Fuerstenfeld"]
[Date "2022.07.21"]
[Round "1"]
[White "Vukoja, Luna"]
[Black "Zrubek, Adam"]
[Result "0-1"]
[WhiteElo "1146"]
[BlackElo "1693"]
[PlyCount "52"]
[EventDate "2022.07.21"]
[EventType "swiss"]
[EventRounds "7"]
[EventCountry "AUT"]
[SourceTitle "CBM 209 Extra"]
[Source "ChessBase"]
[SourceDate "2022.09.30"]
[SourceVersion "1"]
[SourceVersionDate "2022.09.30"]
[SourceQuality "1"]

1. d4 d5 2. c4 Nc6 3. Nf3 Bg4 4. Bf4 Bxf3 5. gxf3 e5 6. dxe5 d4 7. a3 Nge7 8. Bg3 Nf5 9. f4 Nce7 10. Nd2 h5 11. h3 Nxg3 12. fxg3 Nf5 13. Rg1 c6 14. Nf3 a5 15. Rc1 Bc5 16. Qd3 Ne3 17. Ng5 Qb6 18. e6 f5 19. Rb1 a4 20. g4 Qa5+ 21. Kf2 hxg4 22. hxg4 Qc7 23. Ke1 Qxf4 24. gxf5 Bb6 25. Ne4 Ba5+ 26. Nd2 Qh4+ 0-1

[Event "CRO-chT U16 29th"]
[Site "Sesvete"]
[Date "2020.09.05"]
[Round "6.3"]
[White "Vukoja, Luna"]
[Black "Perko, Bartol"]
[Result "0-1"]
[WhiteElo "1077"]
[BlackElo "1663"]
[PlyCount "72"]
[EventDate "2020.06.20"]
[EventType "team-tourn"]
[EventRounds "9"]
[EventCountry "CRO"]
[SourceTitle "EXT 2021"]
[Source "ChessBase"]
[SourceDate "2020.10.23"]
[SourceVersion "1"]
[SourceVersionDate "2020.10.23"]
[SourceQuality "1"]
[WhiteTeam "Novi Zagreb"]
[BlackTeam "Strigova Stridon"]
[WhiteTeamCountry "CRO"]
[BlackTeamCountry "CRO"]

1. e4 d5 2. e5 c5 3. f4 Nc6 4. Nf3 Bg4 5. c3 e6 6. d3 d4 7. c4 Nge7 8. Be2 Nf5 9. h3 Ng3 10. Rg1 Nxe2 11. Qxe2 Bxf3 12. Qxf3 Qh4+ 13. g3 Qd8 14. Nd2 Qc7 15. Ne4 0-0-0 16. Bd2 Be7 17. Qd1 f6 18. exf6 gxf6 19. Qa4 f5 20. Nf2 e5 21. 0-0-0 Bd6 22. fxe5 Bxe5 23. g4 Bg3 24. Nh1 Bf4 25. Rdf1 Bxd2+ 26. Kxd2 Qh2+ 27. Kc1 Nb4 28. Qd1 Rhe8 29. Rf2 Nxd3+ 30. Kc2 Nxf2 31. Nxf2 Qxf2+ 32. Kc1 d3 33. Rf1 d2+ 34. Kb1 Qxf1 35. Qxf1 Re1+ 36. Qxe1 dxe1Q+ 0-1

[Event "CRO-chT U16 29th"]
[Site "Sesvete"]
[Date "2020.06.20"]
[Round "2.3"]
[White "Vukoja, Luna"]
[Black "Martic, Filip"]
[Result "0-1"]
[WhiteElo "1077"]
[BlackElo "1656"]
[PlyCount "128"]
[EventDate "2020.06.20"]
[EventType "team-tourn"]
[EventRounds "9"]
[EventCountry "CRO"]
[SourceTitle "EXT 2021"]
[Source "ChessBase"]
[SourceDate "2020.10.23"]
[SourceVersion "1"]
[SourceVersionDate "2020.10.23"]
[SourceQuality "1"]
[WhiteTeam "Novi Zagreb"]
[BlackTeam "Sesvete Agroproteinka"]
[WhiteTeamCountry "CRO"]
[BlackTeamCountry "CRO"]

1. e4 c5 2. Nf3 g6 3. Bc4 Bg7 4. c3 Nc6 5. d3 Nf6 6. Bg5 d6 7. h3 a6 8. a4 Bd7 9. Nbd2 Na5 10. 0-0 0-0 11. Bb3 Nxb3 12. Nxb3 Be6 13. Re1 Qb6 14. Nfd2 h6 15. Be3 Qc7 16. Nc1 b5 17. a5 Rab8 18. Ne2 b4 19. c4 Nd7 20. Qc2 f5 21. Nf3 fxe4 22. dxe4 Bxh3 23. Bf4 Bg4 24. Qd2 Bxf3 25. gxf3 g5 26. Bg3 Rxf3 27. Rad1 Kh8 28. Kg2 Rbf8 29. Rh1 Kg8 30. Qd5+ R3f7 31. Rh2 Nf6 32. Qe6 Qd7 33. Qxd7 Nxd7 34. Rhh1 Ne5 35. Rc1 Nd3 36. Rcf1 Nxb2 37. Rc1 Rb8 38. Rb1 Nxc4 39. Rhd1 Be5 40. Bxe5 Nxe5 41. Rf1 Rff8 42. Ng3 e6 43. Ne2 c4 44. Rfc1 Rfc8 45. Nd4 Kf7 46. Kf1 Nd3 47. Rd1 Nf4 48. Rdc1 Kf6 49. f3 d5 50. exd5 exd5 51. Re1 b3 52. Kg1 b2 53. Nc2 c3 54. Red1 Re8 55. Nd4 Ne2+ 56. Nxe2 Rxe2 57. Rxd5 c2 58. Rd6+ Re6 59. Rxe6+ Kxe6 60. Re1+ Kf5 61. Kf2 c1Q 62. Rxc1 bxc1Q 63. f4 Rb2+ 64. Kf3 Qxf4# 0-1